000 00304nam a2200121Ia 4500
008 190216s9999||||xx |||||||||||||| ||und||
100 _aSindhu P S
245 0 _aChemistry Of Atmosphere
260 _bNew Age International Publishers
_c1998
300 _a315p
650 _aChemistry-Chemistry
942 _cBK
999 _c2851
_d2851